| 000 | 00694 a2200229 4500 | ||
|---|---|---|---|
| 003 | OSt | ||
| 005 | 20180116192354.0 | ||
| 008 | 120613t xxu||||| |||| 00| 0 eng d | ||
| 010 | _a 94152705 | ||
| 020 | _a0714125067 : | ||
| 020 | _a9780714125060 | ||
| 040 | _c0 | ||
| 082 | 0 | 0 | _a746.09593 |
| 100 | 1 |
_aConway, Susan. _94545 |
|
| 245 | 1 | 0 |
_aThai textiles / _cSusan Conway. |
| 260 |
_aLondon : _bBritish Museum Press, _cc1992. |
||
| 300 |
_a192 p. : _bill. (some col.) ; _c29 cm. |
||
| 650 | 1 | 0 |
_aTextile fabrics _zThailand. _94546 |
| 650 | 1 | 0 |
_aTextile design _zThailand. _94547 |
| 942 |
_aSADA _cBK _k746.09593 CON 1992 _2ddc |
||
| 999 |
_c353053 _d353053 |
||